Slovník cudzích slov akademický

Gespeichert in:
Bibliographische Detailangaben
1. Verfasser: Kraus, Jiří
Weitere Verfasser: Balážová, Ľubica
Format: Buch
Sprache:Slowakisch
Veröffentlicht: Bratislava Slovenské pedagogické nakladateľstvo 2005
Ausgabe:2. dopln. a uprav. slov. vyd.
Schlagworte:
Tags: Tag hinzufügen
Keine Tags, Fügen Sie das erste Tag hinzu!

MARC

LEADER 00000nam$a2200000$$$4500
001 0059400
005 20240318113238.4
020 |a 80-10-00381-6 
041 0 |a slo 
044 |a SK 
245 1 0 |a Slovník cudzích slov  |b akademický  |c Jiří Kraus ... [et al.] ; preklad: Ľubica Balážová ... [et al.] 
250 |a 2. dopln. a uprav. slov. vyd. 
264 1 |a Bratislava  |b Slovenské pedagogické nakladateľstvo  |c 2005 
300 |a 1054 s. 
610 2 0 |a terminológia 
610 2 0 |a jazykoveda 
610 2 0 |a pojmy 
100 1 |a Kraus, Jiří 
700 1 |a Balážová, Ľubica